| 000 | 00351nam a2200157Ia 4500 | ||
|---|---|---|---|
| 008 | 210210b1952 xxu||||| |||| 00| 0 eng d | ||
| 041 | _aeng | ||
| 082 | _a828/432 | ||
| 100 | _aMILLER (B) | ||
| 245 | _aRobert Browning | ||
| 260 |
_aLondon _bJohn Murray _c1952 |
||
| 650 | _aRobert | ||
| 650 | _aBrowning | ||
| 690 | _aBiography | ||
| 906 | _a016277 | ||
| 999 |
_c135742 _d135742 |
||